00463nam a2200157Ia 4500008004100000020001800041082001600059100001900075245005300094250000800147260004200155300001800197500001900215600002100234650005000255240925s9999 xx 000 0 und d a9788131726150 a005.133 KOE aKoenig Andrew 0aAccelerated C++ Practical Programming by Example a1st aNew Delhi:bPearson Educationc,2009. a330p.bNAfNA aIncludes Index aComputer Science aComputer science, information & general works